GENES IX (Record no. 414)

MARC details
000 -LEADER
fixed length control field 00325nam a2200145Ia 4500
008 - FIXED-LENGTH DATA ELEMENTS--GENERAL INFORMATION
fixed length control field 150201s2008 xx 000 0 und d
082 ## - DEWEY DECIMAL CLASSIFICATION NUMBER
Classification number 616.01
Item number G08L
100 ## - MAIN ENTRY--PERSONAL NAME
Personal name LEWIN,B
245 ## - TITLE STATEMENT
Title GENES IX
250 ## - EDITION STATEMENT
Edition statement 1ST
260 ## - PUBLICATION, DISTRIBUTION, ETC. (IMPRINT)
Name of publisher, distributor, etc. JOBES&BARTLEFT
Place of publication, distribution, etc. BOSTON
Date of publication, distribution, etc. 2008
300 ## - PHYSICAL DESCRIPTION
Extent 1-892
650 ## - SUBJECT ADDED ENTRY--TOPICAL TERM
Topical term or geographic name as entry element MICROBIOLOGY
942 ## - ADDED ENTRY ELEMENTS (KOHA)
Source of classification or shelving scheme Dewey Decimal Classification
Koha item type Books
Koha issues (borrowed), all copies 1
Holdings
Withdrawn status Lost status Source of classification or shelving scheme Damaged status Not for loan Collection code Home library Current library Shelving location Date acquired Source of acquisition Cost, normal purchase price Serial Enumeration / chronology SGTU Bill Number Total Checkouts Full call number Barcode Date last seen Date last checked out Bill Date Koha item type
    Dewey Decimal Classification     MEDICAL SGT Medical Library SGT Medical Library Reference Book 12/02/2010 U.B.S. DELHI 1895.00 I SGTU 950 2 616.01 G08L FM2095 12/07/2025 14/06/2025 28/03/2011 Books